000 00773nam a2200253 4500
001 27743
010 _a9721052299
021 _aPT
_b203721/03
090 _a27743
100 _a20070111d20032005m y0pory5003 ba
101 1 _apor
102 _aPT
200 1 _aAo encontro de Espinosa
_eas emoções sociais e a neurologia do sentir
_fAntónio Damásio
205 _a6ª ed
210 _aMem Martins
_cEuropa-América
_d2003
215 _a379 p.
_d23 cm
225 2 _aForum da ciência
_v58
304 _aTít. orig.: Looking for Spinoza : Joy sorrow and the feeling brain
675 _a612.82
_vBN
_zpor
_vBN
_zpor
675 _a159.942
_vBN
_zpor
_vBN
_zpor
675 _a1Espinosa, Bento de
_vBN
_zpor
_vBN
_zpor
700 1 _aDamásio
_bAntónio
_f1944-
801 _aPT
_gRPC
990 _cLIVROS